Inorganic chemistry (Record no. 1213607)

MARC details
000 -LEADER
fixed length control field 01048nam a2200325Ia 4500
003 - CONTROL NUMBER IDENTIFIER
control field OSt
005 - DATE AND TIME OF LATEST TRANSACTION
control field 20221007124503.0
008 - FIXED-LENGTH DATA ELEMENTS--GENERAL INFORMATION
fixed length control field 221006b |||||||| |||| 00| 0 eng d
020 ## - INTERNATIONAL STANDARD BOOK NUMBER
International Standard Book Number 9788131513712 (pbk)
037 ## - SOURCE OF ACQUISITION
Terms of availability Textual
040 ## - CATALOGING SOURCE
Original cataloging agency CDL
Transcribing agency CDL
Language of cataloging eng
041 ## - LANGUAGE CODE
Source of code eng
Language code of text/sound track or separate title eng
100 ## - MAIN ENTRY--PERSONAL NAME
Personal name Purcell Keith F
245 #0 - TITLE STATEMENT
Title Inorganic chemistry
Remainder of title Kotz John C
250 ## - EDITION STATEMENT
Edition statement Indian edition
260 ## - PUBLICATION, DISTRIBUTION, ETC.
Place of publication, distribution, etc. New
Name of publisher, distributor, etc. Delhi Cengage
Date of publication, distribution, etc. 1977
300 ## - PHYSICAL DESCRIPTION
Extent xix, 1116p.
Dimensions cm.
500 ## - GENERAL NOTE
General note Compound index 1097-1104p.; Subject index 1105-1116p.
650 ## - SUBJECT ADDED ENTRY--TOPICAL TERM
Topical term or geographic name entry element Coordination chemistry
650 ## - SUBJECT ADDED ENTRY--TOPICAL TERM
Topical term or geographic name entry element Molecular topology
650 ## - SUBJECT ADDED ENTRY--TOPICAL TERM
Topical term or geographic name entry element Reaction pathways
9 (RLIN) 719414
650 ## - SUBJECT ADDED ENTRY--TOPICAL TERM
Topical term or geographic name entry element Chemistry
700 ## - ADDED ENTRY--PERSONAL NAME
Personal name Kotz John C
942 ## - ADDED ENTRY ELEMENTS (KOHA)
Classification part E1, L7;13-;14 Carc
Koha item type Textual
Source of classification or shelving scheme Colon Classification (CC)
Holdings
Withdrawn status Lost status Source of classification or shelving scheme Damaged status Not for loan Home library Current library Date acquired Source of acquisition Total Checkouts Full call number Barcode Date last seen Price effective from Koha item type
    Colon Classification (CC)     Department of Chemistry Library Department of Chemistry Library 2022-10-07 3497, 07/03/2014, Educational Book Agency (India)   E1 L7;13-;14 Carc CD0008566 2022-10-07 2022-10-07 Textual
Copyright @ Delhi University Library System